000 01391nam a2200277 4500
001 bimo0001962316
003 DO-SdBNP
005 20240226120117.0
008 040820s2005 sp | ||| ||spa
020 _a8467013281
040 _aBPMSU
_bspa
_cBPMSU
082 4 _aR036
_bG748e 2005
_222
245 0 0 _aGran Enciclopedia Espasa /
_cdirector Antonio Merodio Cogolludo; Editora Marisa Javierre González
260 _aBogotá Colombia:
_bEspasa Calpe,
_c2005
300 _a20 v :
_bil.;
_c23 cm
490 0 _aBiblioteca el mundo
_v29
505 0 _av.1 A-América. -- v.2 América española -- v.3 Azigospora-Bueu. -- v.5 Chacona-Cooley -- v.6 Coolidge - Dijkstra -- v.7 Dijon-Esconder -- v.8 Escondidas - Fonda -- v.9 Fonda -Grulla -- v.10 Grulla - India -- v.11 India francesa-Latinizar. -- v.12 Latino-Marga. -- v.13 Margajita -Moscova. -- v.14 Moscovia-Ordet -- v.15 Ordinal -Platino -- v.16 Platirrino-Renano -- v.17 Renard-Sendos. -- v.18 Séneca-Tep v.19 Téplalo-Verdusco -- v.20 Verea-Zyrianos.
534 _aTítulo original :
_tDictionary of beliefs and religions
590 _6
_aInventariado, 2024/VM
650 4 _aEnciclopedias y diccionarios españoles
_v
_2
700 1 _aMerodio Cogolludo, Antonio
_edirector
700 1 _aJavierre González, Marisa
_eeditora
710 2 _aEspasa Calpe
910 _aVMateo V. Control de calidad. BPMSU
942 _2ddc
_cBK
999 _c14218
_d14218